000 00986cam a22003137a 4500
005 20260322212007.0
008 data
010 _a 2007296078
020 _a0760323062
020 _a9780760323069
040 _aEYB
_cEYB
_dDLC
_dDLC
042 _alccopycat
050 0 0 _aTL230.5.F6
_bT77 2005
082 0 4 _a629.22/3
_222
092 _a629.22 T77 2005
245 0 0 _aTrucks & off-road vehicles /
_cedited by Richard Gunn & Amber Books (Firm).
246 3 _aTrucks and off road vehicles
260 _aSt. Paul, Minn. :
_bMotorbooks,
_c2005.
300 _a192 p. :
_bcol. ill. ;
_c28 cm.
490 1 _aFull-view series
500 _aIncludes index.
650 0 _aPickup trucks
_vPictorial works.
650 0 _aOff-road vehicles
_vPictorial works.
650 0 _aSport utility vehicles
_vPictorial works.
700 1 _aGunn, Richard.
710 2 _aAmber Books (Firm)
856 4 2 _3Publisher description
_uhttp://www.loc.gov/catdir/enhancements/fy0711/2007296078-d.html
001 data
999 _c113
_d113